मायावती: बहुजन से सर्वजन तक / (Record no. 51121)

MARC details
000 -LEADER
fixed length control field 01194nam a22002657a 4500
005 - DATE AND TIME OF LATEST TRANSACTION
control field 20080929101452.0
008 - FIXED-LENGTH DATA ELEMENTS--GENERAL INFORMATION
fixed length control field 080929t xxu||||| |||| 00| 0chin d
010 ## - LCCN (DPL NO)
LC control number HIN-92065
020 ## - INTERNATIONAL STANDARD BOOK NUMBER
International Standard Book Number 9788190482684
Terms of availability 250.00
035 ## - SYSTEM CONTROL NUMBER
System control number HN-64411
037 ## - SOURCE OF ACQUISITION
Source of stock number/acquisition DBAD / PUB
040 ## - CATALOGING SOURCE
Original cataloging agency DPL
Language of cataloging HN
082 ## - DEWEY DECIMAL CLASSIFICATION NUMBER
Classification number 921
100 ## - MAIN ENTRY--PERSONAL NAME
Personal name सेंगर, शैलेन्द्र
9 (RLIN) 26640
245 ## - TITLE STATEMENT
Title मायावती: बहुजन से सर्वजन तक /
Statement of responsibility, etc शैलेन्द्र सेंगर
246 ## - VARYING FORM OF TITLE
Title proper/short title Mayawati:Bahujan se sarvajan tak
Remainder of title by Shailender Senger
260 ## - PUBLICATION, DISTRIBUTION, ETC. (IMPRINT)
Place of publication, distribution, etc दिल्ली
Name of publisher, distributor, etc बुक ट्री पब्लिशिंग हाऊस
Date of publication, distribution, etc 2009
270 ## - ADDRESS
Address 1376, आत्माराम बिल्डिंग, निकट इंडियन बैंक, कश्मीरी गेट
City दिल्ली
Postal code 110006
Electronic mail address
300 ## - PHYSICAL DESCRIPTION
Extent 168पृ.
Dimensions 22सेमी (सजिल्द)
650 ## - SUBJECT ADDED ENTRY--TOPICAL TERM
9 (RLIN) 697
650 ## - SUBJECT ADDED ENTRY--TOPICAL TERM
9 (RLIN) 698
700 ## - ADDED ENTRY--PERSONAL NAME
9 (RLIN) 26643
942 ## - ADDED ENTRY ELEMENTS (KOHA)
Source of classification or shelving scheme Dewey Decimal Classification
Item type Hindi Books
Classification part 921
Call number suffix सेंगर
Holdings
Withdrawn status Lost status Source of classification or shelving scheme Damaged status Not for loan Collection code Home library Current library Date acquired Source of acquisition Cost, normal purchase price Total Checkouts Full call number Barcode Date last seen Copy number Cost, replacement price Koha item type
    Dewey Decimal Classification   Not For Loan Non-fiction D.B.Act.Division D.B.Act.Division 17/03/2011 DBAD / PUB 250.00   921 सेंगर HN-64411 17/03/2011 1 250.00 Hindi Books

© Delhi Public Library
Hit Counter
free hit counter